Parallel computers : Architecture, programming and algorithms

Guardat en:
Dades bibliogràfiques
Autor principal: Hockney, R.W.
Format: Llibre
Idioma:Undetermined
Publicat: Bristol Adam Hilger 1981
Matèries:
Etiquetes: Afegir etiqueta
Sense etiquetes, Sigues el primer a etiquetar aquest registre!
Thư viện lưu trữ: Trung tâm Học liệu Trường Đại học Cần Thơ
LEADER 00526nam a2200193Ia 4500
001 CTU_95084
008 210402s9999 xx 000 0 und d
082 |a 001.64 
082 |b H685 
100 |a Hockney, R.W. 
245 0 |a Parallel computers : 
245 0 |b Architecture, programming and algorithms 
245 0 |c R.W. Hockney, C.R. Jesshope 
260 |a Bristol 
260 |b Adam Hilger 
260 |c 1981 
650 |a Parallel computers 
904 |i Giang 
980 |a Trung tâm Học liệu Trường Đại học Cần Thơ